banner koha

Rotores de grande alcance como dispositivos de conservação de água? (Registro n. 329362)

MARC details
000 -LÍDER
fixed length control field 00633nab a2200193 4500
003 - CÓDIGO MARC DA AGÊNCIA CATALOGADORA
Campo de controle BR-BrBNA
005 - DATA E HORA DA ÚLTIMA ATUALIZAÇÃO
Campo de controle 20241219115152.0
008 - CAMPO DE TAMANHO FIXO
fixed length control field 241219b bl.||||| |||| 00| 0 por d
040 ## - FONTE DA CATALOGAÇÃO
Agência catalogadora BR-BrBNA
Idioma da catalogação por
072 ## - CATEGORIA AGRIS
Código AGRIS N20 ; P10
100 ## - ENTRADA PRINCIPAL - NOME PESSOAL
Nome pessoal Pace, Leonardo
245 ## - TÍTULO PRINCIPAL
Título principal Rotores de grande alcance como dispositivos de conservação de água?
500 ## - NOTA GERAL
Nota geral 6 illus.
942 ## - ADDED ENTRY ELEMENTS (KOHA)
Koha item type Analítica
650 ## - ASSUNTO - THESAGRO
Cabeçalho tópico ou nome geográfico EQUIPAMENTO DE IRRIGAÇÃO
650 ## - ASSUNTO - THESAGRO
Cabeçalho tópico ou nome geográfico CONSERVAÇÃO DE ÁGUA
773 0# - ENTRADA ANALÍTICA
Host Biblionumber 4820
Registro do item 344848
Imprenta Votuporanga/SP IRRIGAZINE 2009
Outro identificador 2024-5176
Título Irrigazine (Brazil)
Colação v. 13(51) p. 30-32; (May 2017)
Número de controle de registro BR2024004223

Nenhum exemplar disponível.

BINAGRI

Telefone: (61)3218-2567/2388/3357/2097 - binagri@agro.gov.br

Ministério da Agricultura e Pecuária , Esplanada dos Ministérios, Bloco D, Anexo B, Brasília/DF, CEP: 70.043-900